India vs China a Review of Aksai Chin Broder Dispute (Record no. 16412)
[ view plain ]
| 000 -LEADER | |
|---|---|
| fixed length control field | 00419nam a22001577a 4500 |
| 003 - CONTROL NUMBER IDENTIFIER | |
| control field | OSt |
| 005 - DATE AND TIME OF LATEST TRANSACTION | |
| control field | 20170105102939.0 |
| 040 ## - CATALOGING SOURCE | |
| Original cataloging agency | 0 |
| 082 ## - DEWEY DECIMAL CLASSIFICATION NUMBER | |
| Classification number | 320 |
| Author Mark | MAL 2015 |
| 100 ## - MAIN ENTRY--PERSONAL NAME | |
| Personal name | Malik, Nadeem Shafiq |
| 245 ## - TITLE STATEMENT | |
| Title | India vs China a Review of Aksai Chin Broder Dispute |
| Statement of responsibility, etc. | Nadeem Shafiq Malik |
| 260 ## - PUBLICATION, DISTRIBUTION, ETC. | |
| Place of publication, distribution, etc. | Islamabad |
| Name of publisher, distributor, etc. | Emel Publication |
| Date of publication, distribution, etc. | 2015 |
| 300 ## - PHYSICAL DESCRIPTION | |
| Extent | 184p. |
| Other physical details | ill. |
| Dimensions | 25cm. |
| 650 ## - SUBJECT ADDED ENTRY--TOPICAL TERM | |
| Topical term or geographic name entry element | Political Science |
| 942 ## - ADDED ENTRY ELEMENTS (KOHA) | |
| Source of classification or shelving scheme | |
| Koha item type | Book |
| Withdrawn status | Lost status | Damaged status | Not for loan | Collection code | Permanent Location | Current Location | Shelving location | Date acquired | Total Checkouts | Full call number | Barcode | Date last seen | Price effective from | Koha item type |
|---|---|---|---|---|---|---|---|---|---|---|---|---|---|---|
| Centre for International Peace & Stability (CIPS) | Centre for International Peace & Stability (CIPS) | General Stacks | 05/19/2016 | 320 MAL 2015 | CIPS0002825 | 05/19/2016 | 05/19/2016 | Book | ||||||
| Centre for International Peace & Stability (CIPS) | Centre for International Peace & Stability (CIPS) | General Stacks | 05/19/2016 | 320 MAL 2015 | CIPS0002824 | 05/19/2016 | 05/19/2016 | Book |
